000 00838nam a22002657a 4500
001 BR8207016
003 BR-BrBNA
005 20230928091545.0
007 ta
008 230509b bl.||||| |||| 00| 0 por d
040 _aBR-BrBNA
_bpor
_cBiblioteca Nacional de Agricultura
041 _a(Por)
072 _aE70
_b/G514
090 _ E70 BR8207016
110 1 _aEmpresa de Assistencia Tecnica e Extensao Rural do Rio Grande do Norte, Natal (Brasil)
_94052
245 1 _aInformacoes correntes - coleta e utilizacao das informacoes [produto agricola, informe economico, Rio Grande do Norte]
260 3 _aNatal, RN (Brasil):
_c1982.
300 _a16 p.
650 _aPRODUTO AGRICOLA
650 _aPRECO RECEBIDO
650 _aPRECO PAGO
650 _aRIO GRANDE DO NORTE
909 _a202309
_bLucia
_c55
_dLucia Elande
942 _cBK
999 _c34402
_d34402